Davenport-Schinzel sequences and their geometric applications
Αποθηκεύτηκε σε:
| Κύριος συγγραφέας: | |
|---|---|
| Άλλοι συγγραφείς: | |
| Μορφή: | Βιβλίο |
| Γλώσσα: | English |
| Δημοσίευση: |
Cambridge ; : New York :
Cambridge University Press,
1995
|
| Θέματα: | |
| Ετικέτες: |
Προσθήκη ετικέτας
Δεν υπάρχουν, Καταχωρήστε ετικέτα πρώτοι!
|
MARC
| LEADER | 00000nam a2200000 i 4500 | ||
|---|---|---|---|
| 001 | 1/105577 | ||
| 008 | 000328s1995 eng d | ||
| 020 | |a 0-521-47025-0 | ||
| 035 | |l 10059305 | ||
| 040 | |a GR-MY-UA |b gre |e aacr | ||
| 041 | 0 | |a eng | |
| 082 | 0 | |a 512.72 | |
| 100 | 1 | |a Sharir, Micha. | |
| 245 | 1 | 0 | |a Davenport-Schinzel sequences and their geometric applications / |c Micha Sharir, Pankaj K. Agarwal |
| 260 | |a Cambridge ; : |a New York : |b Cambridge University Press, |c 1995 | ||
| 300 | |a xii, 372 p.; |b ill.; |c 24 cm. | ||
| 504 | |a Includes bibliographical references and index | ||
| 650 | 0 | 0 | |a Davenport-Schinzel sequences. |
| 650 | 0 | 0 | |a Envelopes (Geometry) |
| 700 | 1 | |a Agarwal, Pankaj K. | |
| 852 | |a INST |b SAMOS |e 20000328 |h 512.72 SHA |p 005300017876 |q 005300017876 |t BK |y 0 | ||
| 901 | |a BIBL3-2000-1 | ||
| 909 | |a Σ |b 076737 | ||
| 922 | |a 3ΕΛΗ |b 200003 |c ΚΠΣ |d LEADER | ||
| 950 | |a 116-1999-12-29 | ||
| 970 | |a ΠΟΥΡΝΑΡΑΣ |b ΔΗΜΗΤΡΗΣ |z 2000/04/19 | ||